Normal view
MARC view
- Policy and strategy
Entry Topical Term
001 - CONTROL NUMBER
- control field: 132152
003 - CONTROL NUMBER IDENTIFIER
- control field: NUST
005 - DATE AND TIME OF LATEST TRANSACTION
- control field: 20251128175929.0
008 - FIXED-LENGTH DATA ELEMENTS
- fixed length control field: 251128|| aca||aabn | a|a d
040 ## - CATALOGING SOURCE
- Original cataloging agency: NUST
- Transcribing agency: NUST
150 ## - HEADING--TOPICAL TERM
- Topical term or geographic name entry element: Policy and strategy
670 ## - SOURCE DATA FOUND
- Source citation: Work cat.: (NUST): Latif, Zahid 132151, Pakistan's search for peace with Afghanistan statecraft, policy and strategy/, 2025.
